01488nam a22002057a 4500003001100000005001700011008004100028040003900069041000800108041000800116082001500124100002300139245012000162260005600282300001500338520082900353650004601182650003001228650002401258LK-CoMWRAF20240212110554.0240211b2001 |||||||| |||| 00| 0 eng d aLK-CoMWRAFdLK-CoMWRAFeLK-CoMWRAF aeng atam a305.8bMOH aMohideen, M. I. M. aEthnic conflict and devolution of power in Sri Lanka :bMuslim demand separate power sharing unit in the North-East aColombo :bMuslim National Peoples' Alliance,c2001 avi., 88 p. aMuslims are conscious of the serious problems that are likely to arise when the Northern and Eastern provinces are permanently merged. During the period of the dissolved Provincial Council for the temporarily merged North-East, the Tamil National Army-TNA of the EPRLF and ENDLF attacked several Police Stations in the predominant Muslim areas and murdered hundreds of Muslims in cold blood. Nearly 60,000 Muslims chased out by the LTTE during the ethnic cleansing are suffering in the refugee camps and private houses in the Sinhalese areas. LTTE is obstructing the Muslim refugees returning home which are only few miles away, where as thousands of Tamils left voluntarily the North-East because of the Tamil Eelam War, are freely returning and unlawfully occupying the properties of the Muslims with the help of the LTTE. aMuslims-Sri Lanka-Politics and government aEthnic conflict-Sri Lanka aDevolution of power